| 000 | 01399nam a2200253 a 4500 | ||
|---|---|---|---|
| 001 | 000048390 | ||
| 005 | 20201002061122.0 | ||
| 008 | 190219s2016 dr ac 000 m spa d | ||
| 020 | _a9789945897951 | ||
| 040 |
_aDO-SdBNP _bspa _cBNPHU |
||
| 082 |
_axxxx _bM671d |
||
| 100 | 1 |
_aMirabal, Yoselman R., _d1969- _91777 |
|
| 245 | 1 | 0 |
_a10 Tabúes sobre el liderazgo / _cYoselman Rodwin Mirabal Rosario. |
| 246 | 1 | 0 | _aDiez tabúes sobre el liderazgo. |
| 260 |
_aSanto Domingo : _bProducciones Mirabal, _c2016. |
||
| 300 |
_a88 p. : _bil., retrs. ; _c22 cm. |
||
| 490 | 1 | _aTabúes | |
| 500 | _aIncluye datos biográficos del autor en la solapa de la contracubierta | ||
| 504 | _aBibliografía : p. 87-88 | ||
| 505 | 0 |
_aIdeas centrales -- _tIntroducción -- _tAntes de empezar -- _tEl liderazgo debe ejercerlo el hombre, no la mujer -- _tLos líderes nacen, no se hacen -- _tLíder igual a jefe -- _tLíder igual a protagonista -- _tLos líderes son infalibles, nunca se vienen abajo -- _tSin cargo o posición no es posible ejercer liderazgo -- _tEl poder corrompe a los líderes -- _tLos líderes abiertos y honestos acerca de sus debilidades y las de los demás, pierden influencia -- _tLos líderes cristianos no son políticos -- _tLíder en todo y todo el tiempo |
|
| 590 | _aLa biblioteca posee 3 ejemplares autografiados por el autor --. | ||
| 590 | _aInventariado, 2019/LP | ||
| 830 | 0 |
_aTabúes _975801 |
|
| 999 |
_c47878 _d47878 |
||